000 00484nam a2200181Ia 4500
999 _c29925
_d29925
003 OSt
005 20201117123626.0
008 190216s9999||||xx |||||||||||||| ||und||
020 _a9788126431229
040 _coclc
082 _a894.8123
_bSUD/S
100 _aSudheera, K P
_96674
245 0 _aSmruthi /
_cK P Sudheera
260 _bDc Books,
_c2011.
_aKottayam:
300 _a103p
650 _aNovel
942 _cBK
_2ddc
_h894.8123
_iSUD/S
_k894.8123
_mSUD/S